000 00684naa a2200205 a 4500
001 81712
003 BD-RjUL
005 20230817141731.0
008 230817s1968 p ||||| |||| 00| 0 urd d
035 _a(BD-RjUL)81712
040 _aBD-RjUL
_beng
_cBD-RjUL
041 _aurd
082 _223
_a891.4396
_bGHT 1968
100 1 _aمہر٫ غلام رسول ;; G̲h̲ulām Rasūl Mihr.
_98397
245 1 0 _aتبرکات آزاد ;; Tabarkat-e-Azad /
_cby غلام رسول مہر :: G̲h̲ulām Rasūl Mihr.
260 _aلاھور : Lāhaur :
_bکتاب منزل : Kitāb Manzil,
_c
650 _aUrdu literature
_vLetter
_98398
650 _aUrdu Letter
_98399
942 _2ddc
_cBK
999 _c81712
_d81712